| 000 | 01059nam a2200241Ia 4500 | ||
|---|---|---|---|
| 003 | OSt | ||
| 005 | 20220923212626.0 | ||
| 006 | a|||||r|||| 00| 0 | ||
| 007 | ta | ||
| 008 | 220922b |||||||| |||| 00| 0 hin d | ||
| 024 | _a154,652 | ||
| 037 | _cTextual | ||
| 040 |
_aARTS _cARTS _bhin |
||
| 041 |
_2hin _ahin |
||
| 082 | _aO1520m32,1(Q223):g, K0 | ||
| 100 |
_aभास्कर नायर, के0 _9162656 |
||
| 245 | 0 |
_aहिन्दी और मलयालम में कृष्णभक्ति काव्य _b हिन्दी और मलयालम के कृष्णभक्त कवियो का तुलनात्मक अध्ययन |
|
| 246 | _aHindī aur malayālam mean kṛuṣhṇabhakti kāvya: hindī aur malayālam ke kṛuṣhṇabhakta kaviyo kā tulanātmak adhyayana | ||
| 260 | _c1960 | ||
| 650 |
_aहिन्दी साहित्य _9156264 |
||
| 942 |
_hO1520m32,1(Q223):g, K0 _cTEXL _2CC |
||
| 999 |
_c310274 _d310274 |
||